00482nam a2200181Ia 4500001000900000003000500009005001700014008004100031010001100072040000900083082001400092100002400106245005000130260003300180300001000213400003100223600004600254dia_1175CHAP20230120112351.0220117s1970 xx 000 0 und d a171722 cCHAP a512.5 L5Y aLipschutz, Seymour. aTeoria y problemineal. /c Seymour Lipschutz aMexico. macgraw - hillc1970 a344 p aSERIE DE COMPENDIOS SCHAUM aalgebra. i.t/ ii. paredes manchola, hugo.